000 01759cam a22004814i 4500
003 PE-LiUPU
005 20250731173351.0
008 150616s1990 pe r 000 0 spa d
020 _a1871609135
035 _a(Sirsi) i9781871609134
040 _aPE-LiUPU
_bspa
_cPE-LiUPU
_erda
049 _aPRUA
082 0 4 _a266.04
_bM52
_221
100 1 _aMcintosh B., Estuerdo,
_eautor.
245 1 0 _a7 Ensayos sobre la realidad misiológica en América Latina /
_cEstuerdo Mcintosh B.
264 1 _aLima :
_bImpresiones Génesis,
_c1990.
300 _a56 páginas ;
_c21 centímetros
336 _atext
_2rdacontent
337 _aunmediated
_2rdamedia
338 _avolume
_2rdacarrier
504 _aNotas al termino de cada capítulo.
505 0 _aMisiología para el tercer milenio -- Misión y caos -- Misión y pluralismo -- Misión y migración -- Misión a ras del suelo -- Misión y ser evangélico de mañana -- Misión y la esperanza bienaventurada.
526 _aSEG42
526 _aSEG41
526 _aSEG40
526 _aSEG39
526 _aP94
526 _aP87
526 _aP86
526 _aP85
526 _aP77
526 _aP76
526 _aP35
650 0 4 _aCristianismo Misiones.
650 0 4 _aMisiones
_zLatinoamérica.
910 _ajck
_bjvq
_cjck
942 _2ddc
_cBOOK
949 _a266.04 M52
_wDEWEY
_c1
_i32204
_lCCODEBUL1
_mBUL
_r0
_sY
_tBOOK
_u2015-6-16
_xTEOLOGIA
_zUNKNOWN
_0COMPRA
_o.STAFF. Colección Teología
994 _aC0
_bPEPRU
596 _a1
999 _a266.04 M52
_wDEWEY
_c50646
_i32204
_d50646
_f2021-11-10
_g6
_lCCODEBUL1
_mBUL
_p30.00
_q1
_r0
_sY
_tBOOK
_u2015-6-16
_xTEOLOGIA
_PP35
_0COMPRA
_o.STAFF. Colección Teología
980 _81
_gALBERTO SANCHEZ Responsable de Automatización